| 000 | 01083nam a2200229 a 4500 | ||
|---|---|---|---|
| 008 | 191129s2016 ||||||||||||||||| || u | ||
| 020 | _a9780323377560 | ||
| 050 | _aRC 925.7 Man | ||
| 100 | _aManaster, B. J | ||
| 245 | 1 | 0 |
_aImaging anatomy : musculoskeletal (second edition) _cBy B.J. Manaster ; Julia Crim |
| 250 | _a2nd edition | ||
| 260 |
_aPhiladelphia _bElsevier _c2016 |
||
| 300 | _axv, 1139 pages : illustrations | ||
| 350 | _a256.49 | ||
| 650 | _aMUSCULOSKELETAL DISEASES--RADIOGRAPHY | ||
| 650 | 3 | _aMUSCULOSKELETAL DISEASES--DIAGNOSIS--HANDBOOKS | |
| 650 | _aMUSCULOSKELETAL SYSTEM--RADIOGRAPHY--ATLASES | ||
| 650 | _aMUSCULOSKELETAL SYSTEM--INJURIES--ATLASES | ||
| 700 | _aCrim, Julia | ||
| 995 |
_aMEDICAL LIBRARY OPEN ACCESS _e904663 _FCBU-SCHOOL OF MEDICINE LIBRARY (Ndola) _I256.49 _jRC 925.7 Man _M1 _UAVAILABLE _WDec 13, 2019 _y904663 _ZMedical Library Open Access Collection |
||
| 995 |
_aMEDICAL LIBRARY OPEN ACCESS _e904664 _FCBU-SCHOOL OF MEDICINE LIBRARY (Ndola) _I256.49 _jRC 925.7 Man _M2 _UAVAILABLE _WDec 13, 2019 _y904664 _ZMedical Library Open Access Collection |
||
| 999 |
_c64269 _d64269 |
||